| 000 | 00938nam a2200205Ia 4500 | ||
|---|---|---|---|
| 001 | 8385 | ||
| 003 | GE_BSU | ||
| 008 | 181216s||||||||xx |||||||||||||| ||und|| | ||
| 040 | _cGE_BSU | ||
| 080 | _a821.353.1-32 | ||
| 100 | _aერისთავ–ხოშტარია,ანასტასია | ||
| 245 | _aთხზულებანი. ტ.2 ბედის ტრიალი:ეკლესიის გარშემო:ლაზარემ გადააჭარბა | ||
| 245 | _cწინასიტყვ.ავტ.შ. აფხაიძე. მხატვ. დ. დუნდუა | ||
| 260 | _aთბილისი | ||
| 260 | _b(გ.გ.) | ||
| 260 | _c1958 | ||
| 300 | _a356გვ.ილ.21სმ. | ||
| 653 | _aთხზულებანი. ტ.2 ბედის ტრიალი:ეკლესიის გარშემო:ლაზარემ გადააჭარბა | ||
| 942 | _cBK | ||
| 999 |
_c41708 _d41708 |
||